| 000 | 00874nam a22002177a 4500 | ||
|---|---|---|---|
| 003 | OSt | ||
| 005 | 20260313023858.0 | ||
| 008 | 260313b |||||||| |||| 00| 0 eng d | ||
| 020 | _a1-879794-05-5 | ||
| 040 |
_aDWCL GS lib _cOC |
||
| 082 | _aM764a 1998 | ||
| 100 | _aMONTANA, BOB | ||
| 245 |
_aArchie American Series : Best of the Seventies _cBOB MONTANA |
||
| 260 |
_aCanada _bArchie Comic Publications _c1998 |
||
| 300 |
_a98 p _c25 cm |
||
| 520 | _acollects iconic 1970s Archie stories, featuring, disco, bell-bottoms, and societal shifts like the women's movement. | ||
| 650 | _acompiles classic Archie Comics stories reflecting 1970s pop culture, including disco, pet rocks, Kung Fu, the Bicentennial, and changing social mores. | ||
| 650 | _anavigating life's challenges with resilience and a focus on community. | ||
| 700 | _aBOB MONTANA | ||
| 942 |
_2ddc _cFIC. _n0 |
||
| 999 |
_c9095 _d9095 |
||